000 00500nam a22001817a 4500
005 20260427133745.0
008 260427b |||||||| |||| 00| 0 eng d
037 _cDSWL
040 _aDSWL
_cDSWL
041 _heng
084 _aYX,ZD:8 N46;3
100 _aTrecker, H B
_91235769
245 _aGroup process in administration
260 _aNey York,
_bWoman's Press,
_c1946
300 _aXIX+127p
942 _2CC
_cTEXL
_hYX,ZD:8 N46;3
_n0
999 _c1848574
_d1848574